| 000 | 06625cam a22013097a 4500 | ||
|---|---|---|---|
| 999 | _c54113 | ||
| 001 | 10912188 | ||
| 003 | LIBRIS | ||
| 005 | 20201028123147.0 | ||
| 008 | 080624s2008 sw |||||||||||000 j|swe|c | ||
| 020 |
_a9789177422822 _qinb. |
||
| 035 | _a(Mo)b1543734 | ||
| 040 |
_aLhum _ea |
||
| 041 | 1 |
_aswe _hger |
|
| 082 | 0 | 4 |
_a833 _222 (machine generated) |
| 084 |
_aHf.016=c _2kssb/8 |
||
| 084 |
_aHcef.016 _2kssb/8 |
||
| 100 | 1 |
_aKafka, Franz, _d1883-1924 _4aut _0https://libris.kb.se/vs6890md120bwhj#it |
|
| 240 | 1 | 4 |
_aDie Verwandlung. _lSvenska |
| 245 | 1 | 0 |
_aFörvandlingen / _cFranz Kafka ; översättning och efterord av Hans Blomqvist, Erik Ågren. |
| 250 | _a[Ny utg.] | ||
| 264 | 1 |
_aLund : _bBakhåll, _c2008 |
|
| 264 | 3 | _aUngern | |
| 300 |
_a74, [6] s. _c22 cm |
||
| 500 | _aFörsta svenska upplaga 1945. Första upplaga i denna översättning 2004 | ||
| 500 |
_5Mo _aOrig:s titel: Die Verwandlung |
||
| 500 |
_5Mo _aFörsta svenska upplaga 1945. Första upplaga i denna version 2004 |
||
| 500 |
_5Mo _asvenska |
||
| 653 | _aSkönlitteratur | ||
| 653 | _aSkönlitteratur | ||
| 655 | 4 |
_5Mo _aBok |
|
| 700 | 1 |
_aBlomqvist, Hans, _d1950- _4trl _0https://libris.kb.se/c9prsqpw3xzmhld#it |
|
| 700 | 1 |
_aÅgren, Erik, _d1953- _4trl _0https://libris.kb.se/64jlp3fq37kd30q#it |
|
| 887 |
_a{"@id":"8sllqq7l56nzzv5","modified":"2015-12-01T14:25:27+01:00","checksum":"159355726682"} _2librisxl |
||
| 887 |
_a{"@id":"rw46s9wx37z2mkq","modified":"2016-10-14T14:03:04+02:00","checksum":"103983367099"} _2librisxl |
||
| 887 |
_a{"@id":"mrzffzbs2fksdh3","modified":"2019-12-09T10:17:37.157+01:00","checksum":"97163732008"} _2librisxl |
||
| 887 |
_a{"@id":"z39m3cz42pdj99q","modified":"2015-04-18T08:15:10+02:00","checksum":"95973250517"} _2librisxl |
||
| 887 |
_a{"@id":"v077cn211b826hx","modified":"2016-05-24T15:32:43+02:00","checksum":"91287682618"} _2librisxl |
||
| 887 |
_a{"@id":"3b0hs2lb1p2f7mjn","modified":"2018-07-02T17:44:57.216+02:00","checksum":"90377331110"} _2librisxl |
||
| 887 |
_a{"@id":"kpwpznrq57z6bqn","modified":"2015-02-26T08:16:08+01:00","checksum":"39503968016"} _2librisxl |
||
| 887 |
_a{"@id":"dqzscjbcbsfgfrw1","modified":"2020-05-07T08:16:12.048+02:00","checksum":"96729858265"} _2librisxl |
||
| 887 |
_a{"@id":"8dl2l73f163bbgs","modified":"2012-12-13T12:44:17+01:00","checksum":"52075355690"} _2librisxl |
||
| 887 |
_a{"@id":"t6wtvbtgrjhtzr13","modified":"2020-09-07T13:18:11.465+02:00","checksum":"97058896199"} _2librisxl |
||
| 887 |
_a{"@id":"lqzr74jr3wzzzbp","modified":"2015-06-16T10:35:33+02:00","checksum":"97142327847"} _2librisxl |
||
| 887 |
_a{"@id":"z3b54zz427vlr9k","modified":"2015-08-17T12:03:10+02:00","checksum":"70236004056"} _2librisxl |
||
| 887 |
_a{"@id":"sx514vhz4sdvvfc","modified":"2015-10-28T10:03:17+01:00","checksum":"68548245634"} _2librisxl |
||
| 887 |
_a{"@id":"26flqwd704l4tjw","modified":"2017-02-17T12:20:16+01:00","checksum":"94574607671"} _2librisxl |
||
| 887 |
_a{"@id":"qv2tk6rw4lgmjhk","modified":"2015-02-11T10:14:38+01:00","checksum":"92571430332"} _2librisxl |
||
| 887 |
_a{"@id":"sx474pjz25dvq71","modified":"2020-06-08T10:17:54.85+02:00","checksum":"94884161469"} _2librisxl |
||
| 887 |
_a{"@id":"jnv1f4zp2pnwmp3","modified":"2014-03-26T13:28:47+01:00","checksum":"43373981232"} _2librisxl |
||
| 887 |
_a{"@id":"v07cph510p2w3sp","modified":"2017-01-11T16:01:25+01:00","checksum":"104663040192"} _2librisxl |
||
| 887 |
_a{"@id":"ns1g2z2t3gww871","modified":"2018-02-10T10:10:59+01:00","checksum":"69087867391"} _2librisxl |
||
| 887 |
_a{"@id":"6bjhcnvc18cmf7f","modified":"2014-02-24T15:46:45+01:00","checksum":"43734088517"} _2librisxl |
||
| 887 |
_a{"@id":"mrzxwc0s4jj3cht","modified":"2016-12-15T15:34:20+01:00","checksum":"47769969252"} _2librisxl |
||
| 887 |
_a{"@id":"26dd09j72gtrjlm","modified":"2013-12-05T09:30:32+01:00","checksum":"97546342271"} _2librisxl |
||
| 887 |
_a{"@id":"v072fs214x6cw8v","modified":"2015-09-17T11:11:52+02:00","checksum":"66375058550"} _2librisxl |
||
| 887 |
_a{"@id":"fkrkppsl4kdbmfn","modified":"2015-12-01T14:25:27+01:00","checksum":"93386634371"} _2librisxl |
||
| 900 | 1 | s |
_6100 _d1883-1924 _uKafka, Franz, _d1883-1924 |
| 900 | 1 | s |
_6100 _d1883-1924 _uKafka, Franz, _d1883-1924 |
| 900 | 1 | s |
_6100 _d1883-1924 _uKafka, Franz, _d1883-1924 |
| 900 | 1 | s |
_6100 _d1883-1924 _uKafka, Franz, _d1883-1924 |
| 900 | 1 | s |
_6100 _d1883-1924 _uKafka, Franz, _d1883-1924 |
| 900 | 1 | s |
_6100 _d1883-1924 _uKafka, Franz, _d1883-1924 |
| 900 | 1 | s |
_6700 _d1950- _uBlomqvist, Hans, _d1950- |
| 942 |
_2z _cBOOK |
||